Vo veľkej vojne malá vojna návraty k Slovenskému národnému povstaniu, jeho dejiskám a dejateľom : 1944-2004

Bibliographic Details
Main Author: Babnič, Vladimír, 1926-2011 (Author)
Format: Book
Language:Slovak
PhysicalDescription:135 strán fotografie 21 cm
Published: Bratislava Prima Art 2004
ISBN:8096883941
Edition:1. vyd.
Subjects:

MARC

LEADER 00000cam a2200000 a 4500
001 vtls001478848
003 SK-MaSNL
005 20260301015005.0
008 240226s2004 xo o grn 000 0 slo
015 |a SNBA2004/08-04727 
020 |a 8096883941 
035 |a SNK000434147 
035 |a urn:nbn:sk:snk-am3j2wj 
035 |a 77113833-3F3E-4C9D-B9AC-1095A54CFF42 
035 |a urn:nbn:sk:snk-am00gg0n 
040 |a SNK  |b slo  |c SNK  |e AACR2 
041 0 |a slo 
043 |a e-xo--- 
044 |a xo  |c SK 
072 7 |a 355/359  |x Vojenstvo. Obrana krajiny. Ozbrojené sily  |2 konspekt 
080 |a 323.25/.26:329.18  |2 2011 
080 |a 355.425.4  |2 2011 
080 |a 94(437.6)"1944"  |2 2011 
080 |a 94(100)"1939/1945"  |2 2011 
080 |a (0:82-96)  |2 2011 
080 |a 94(436.6)  |2 2011 
100 1 |a Babnič, Vladimír,  |d 1926-2011  |4 aut  |9 13565 
245 1 0 |a Vo veľkej vojne malá vojna  |b návraty k Slovenskému národnému povstaniu, jeho dejiskám a dejateľom : 1944-2004  |c Vladimír Babnič 
250 |a 1. vyd. 
260 |a Bratislava  |b Prima Art  |c 2004 
300 |a 135 strán  |b fotografie  |c 21 cm 
500 |a Ilustrácia na frontispice 
504 |a Bibliografia na strane 117 
650 0 7 |a protifašistický odboj  |2 SNKPH  |9 4751 
650 0 7 |a partizánske hnutie  |2 SNKPH  |9 28865 
650 0 7 |a Slovenské národné povstanie (1944)  |2 SNKPH  |9 177948 
650 0 7 |a druhá svetová vojna (1939-1945)  |2 SNKPH  |9 169657 
651 7 |a Slovensko  |x dejiny  |2 SNKPHgeo  |9 13278 
655 7 |a literatúra faktu  |2 SNKPH  |9 70526 
919 |a 80-968839-4-1 
958 |a NB 
958 |a OND 
999 |c 559777  |d 561707 
952 |t P60, <03>, [BOOK], {603}  |a SNK  |b SNK  |y PREZ  |7 0  |p 17A0437588  |o snkSC 116691  |i snkKSP 9671/2004  |0 0  |1 0  |4 0  |d 2004-07-21  |f 1  |l 0  |r 2025-10-16 00:00:00  |w 2026-02-23 
952 |t P60, <04>, [BOOK], {604}  |a SNK  |b SNK  |y VYP  |7 0  |p 17A0437575  |o snkSC 116691 D1  |i snkKSP 9672/2004  |0 0  |1 0  |4 0  |d 2004-07-21  |l 0  |r 2005-01-02 00:00:00  |w 2026-02-23